00555cam a22002171 4500001001300000003000400013005001700017008004100034010001700075025001900092035002000111040002100131042001200152050002400164100003800188245002200226260001100248300001800259500001800277700004200295sa 63003527 DLC20260227111942.0940609s1962 ii 000 1 malo  asa 63003527  aPL480:I-Mal-34 a(OCoLC)30578784 aDLCcCUdCUdDLC apremarc00aPK1723.C58bM3 19621 aTagore, Rabindranath,d1861-1941.10aCitr̲āṅgada. c[1962] a56 p.c19 cm. aIn Malayalam.1 aKr̥ṣṇavāriyar, En. Vi.,d1917-